Statistics for Gwyneth Paltrow Filmography

Click here to take the quiz!

General Stats

  • This quiz has been taken 141 times
    (3 since last reset)
  • The average score is 9 of 97

Answer Stats

TypeYearName% Correct
Film1998Shakespeare in Love
100%
Film2019Avengers: Endgame
67%
Film2018Avengers: Infinity War
67%
Film2008Iron Man
67%
Film2010Iron Man 2
67%
Film2013Iron Man 3
67%
Film1995SE7EN
67%
Film2001Shallow Hal
67%
Film1998Sliding Doors
67%
Film2017Spider-Man: Homecoming
67%
Film2012The Avengers
67%
Film1999The Talented Mr. Ripley
67%
Web Series2023American Horror Stories
33%
TV Show1999-2011, 2019Saturday Night Live
33%
Commercial2003actGreen
0%
Theater1990Adventures of Huckleberry Finn
0%
TV Show2007American Idol
0%
Film1998A Perfect Murder
0%
Short Film2019A Story Takes Flight
0%
Theater1999As You Like It
0%
Film2002Austin Powers in Goldmember
0%
Commercial2006BEANPOLE
0%
Film2000Bounce
0%
TV Show2021Celebrity IOU
0%
TV Show2000Clerks: The Animated Series
0%
Film2011Contagion
0%
Film2010Country Strong
0%
Music Video2010Country Strong
0%
TV Mini-Series1992Cruel Doubt
0%
TV Film1993Deadly Relations
0%
Director2005Dealbreaker
0%
Film2000Duets
0%
Commercial2002El Corte Inglés
0%
Film1996Emma
0%
Film1993Flesh and Bone
0%
TV Show2010-2011, 2014Glee
0%
Documentary2011Glee: The 3D Concert Movie
0%
Commercial2020Goop
0%
Film1998Great Expectations
0%
Documentary Series2023Gwyneth vs Terry: The Ski Crash Trial
0%
Film1996Hard Eight
0%
TV Film1989High
0%
Film1995Higher Learning
0%
Film1991Hook
0%
Film1998Hush
0%
Film2006Infamous
0%
Music Video1996I Want to Come Over
0%
Film1995Jefferson in Paris
0%
Documentary2016Justin Timberlake + The Tennessee Kids
0%
Film2006Love and Other Disasters
0%
Film1993Malice
0%
Documentary2017Man in Red Bandana
0%
Music Video2011Me and Tennessee
0%
Commercial2011-2012Metamorphosis by Tracy
0%
Film1995Moonlight and Valentino
0%
Film2015Mortdecai
0%
Film1994Mrs. Parker and the Vicious Circle
0%
TV Show2016Nightcap
0%
Documentary1998Out of the Past
0%
Short Film2008Pashmy Dream
0%
Theater1991Picnic
0%
TV Show2017Planet of the Apps
0%
Film2002Possession
0%
Theater2002Proof
0%
Film2005Proof
0%
Film2006Running with Scissors
0%
Documentary2002Searching for Debra Winger
0%
Documentary Series2021Sex, Love & Goop
0%
TV Show2022-2024Shark Tank
0%
Film2022She Said
0%
Film1991Shout
0%
Film2004Sky Captain and the World of Tomorrow
0%
Documentary Series2008Spain... on the Road Again
0%
Film2003Sylvia
0%
Film2012Thanks for Sharing
0%
Film2001The Anniversary Party
0%
Film2007The Good Night
0%
Documentary Series2020The Goop Lab
0%
Podcast2022-PresentThe Goop Podcast
0%
Theater1981The Greeks
0%
Film2000The Intern
0%
Web Series2022The Kardashians
0%
TV Show2010The Marriage Ref
0%
TV Show2012The New Normal
0%
Film1996The Pallbearer
0%
Web Series2019-2020The Politician
0%
Film2001The Royal Tenenbaums
0%
Theater1994The Seagull
0%
Theater1992The Sweet By 'N' By
0%
Documentary Mini-Series1997Thomas Jefferson
0%
Film2008Two Lovers
0%
Commercial2022Uber Eats
0%
Film2003View from the Top
0%
Documentary2014Virunga
0%
Web Series2014Web Therapy
0%
Documentary Series2011Who Do You Think You Are?
0%
Commercial2021Xeomin
0%

Score Distribution

Percentile by Number Answered

Percent of People with Each Score

Your Score History

You have not taken this quiz since the last reset